000 01250cam a2200373 a 4500
001 2626985
003 OSt
005 20240227131111.0
008 981030s1998 gw a b 001 0 eng d
010 _a 98231241
020 _a3791319833
020 _a9783791329864
024 1 _a97837913198343
035 _a(OCoLC)40197829
040 _aIArlh
_cIArlh
_dOCoLC
_dOHX
_dDLC
041 1 _aeng
_hger
042 _alccopycat
050 0 0 _aND1145
_b.R4513 1998
072 7 _aND
_2lcco
082 0 0 _a759
_221
_bREI 1998
100 1 _aReichold, Klaus.
_9121491
240 1 0 _aBilder, die die Welt bewegten.
_lEnglish
245 1 0 _aPaintings that changed the world :
_bfrom Lascaux to Picasso /
_cKlaus Reichold, Bernhard Graf.
260 _aMunich ;
_aNew York :
_bPrestel,
_cc1998.
300 _a192 p. :
_bcol. ill. ;
_c31 cm.
500 _aIncludes index.
504 _aIncludes bibliographical references (p. 188-191).
650 0 _aPainting
_xThemes, motives.
_9121492
650 0 _aPainters
_xPsychology.
_9121493
700 1 _aGraf, Bernhard,
_d1962-
_9121494
906 _a7
_bcbc
_ccopycat
_d2
_encip
_f19
_gy-gencatlg
942 _2ddc
_cBK
_aSADA
_k759 REI 1998
999 _c608344
_d608344